Global Conditions of the Behavioral Aspect of Tax Evasion

Definovanie faktorov daňového správania daňovníkov v Slovenskej republike v rámci globálneho prístupu v Európskej únii. Základná terminológia daňovej povinnosti a daňových únikov.

Na minha lista:
Detalhes bibliográficos
Autor principal: Vavrová, Katarína, 1960-
Outros Autores: Bikár, Miloš, 1973-
Formato: Capítulo de Livro
Idioma:inglês
Assuntos:
Tags: Adicionar Tag
Sem tags, seja o primeiro a adicionar uma tag!

MARC

LEADER 00000naa$a2200000$$$4500
001 0250383
005 20240502074020.1
041 0 |a eng 
044 |a SK 
245 1 0 |a Global Conditions of the Behavioral Aspect of Tax Evasion  |c Katarína Vavrová, Miloš Bikár 
520 |a Definovanie faktorov daňového správania daňovníkov v Slovenskej republike v rámci globálneho prístupu v Európskej únii. Základná terminológia daňovej povinnosti a daňových únikov. 
610 2 0 |a dane 
610 2 0 |a systémy daňové 
610 2 0 |a daňovníci 
610 2 0 |a správanie 
610 2 0 |a únik daňový 
610 2 0 |a podvody daňové 
100 1 |a Vavrová, Katarína, 1960- 
700 1 |a Bikár, Miloš, 1973-